000 01754cam a2200301 4500500
005 20260405004810.0
041 _afre
042 _adc
100 1 0 _aDaccache, Salim
_eauthor
245 0 0 _aLa Mystique paulinienne dans l’enseignement spirituel de Jean de Dalyatha
260 _c2025.
500 _a100
520 _aLe caractère œcuménique d’un concile dépend, du point de vue des Églises orthodoxes orientales, des critères suivants : la large participation, la définition de questions fondamentales en rapport avec l’orthodoxie de la foi, la réception par toute l’Église et le caractère intransigeant de ses décisions. La convocation par le pape romain et le « consensus fidelium » ne sont pas considérés comme des conditions nécessaires. Sur la base des critères énoncés, les orthodoxes orientaux ne peuvent reconnaître le caractère œcuménique d’aucun concile réuni après 431. L’auteur fait valoir que si l’orthodoxie de la foi est le but des dialogues œcuméniques, le dénombrement des Conciles n’est plus considéré désormais comme un obstacle au rétablissement de l’unité.
690 _aJean de Dalyatha
690 _aMystique paulinienne
690 _aPrière du cœur
690 _aRésurrection anticipée
690 _aSpiritualité syriaque
690 _aUnion au Christ
690 _aAnticipated resurrection
690 _aHeart prayer
690 _aJean of Dalyatha
690 _aPauline mysticism
690 _aSyriac spirituality
690 _aUnion with Christ
786 0 _nProche-Orient Chrétien | 75 | 1 | 2025-08-18 | p. 20-33 | 0032-9622
856 4 1 _uhttps://shs.cairn.info/revue-proche-orient-chretien-2025-1-page-20?lang=fr&redirect-ssocas=7080
999 _c2078451
_d2078451